Pokémon, die mit I beginnen - Statistiken

Allgemein
  • Dieses Quiz wurde 28 mal gespielt
  • Das Durchschnittsergebnis liegt bei 9 aus 18
Antwortstatistiken
Nr. Typ Name % Korrekt
22 Normal, Flug Ibitak
100%
156 Feuer Igelavar
86%
160 Wasser Impergator
76%
169 Gift, Flug Iksbat
67%
201 Psycho Icognito
57%
395 Wasser, Stahl Impoleon
57%
636 Käfer, Feuer Ignivor
48%
560 Unlicht, Kampf Irokex
48%
650 Pflanze Igamaro
43%
360 Psycho Isso
43%
314 Käfer Illumise
38%
753 Pflanze Imantis
38%
710 Geist, Pflanze Irrbis
38%
651 Pflanze Igastarnish
33%
686 Unlicht, Psycho Iscalar
33%
1025 Gift, Geist Infamomo
29%
851 Feuer, Käfer Infernopod
29%
818 Wasser Intelleon
24%
Keine übereinstimmenden Quizze gefunden
Verteilung der Resultate
Anzahl Personen mit jedem Resultat
Perzentil nach korrekt beantworteten Fragen
Ihre Resultats-Entwicklung
Sie haben dieses Quiz noch nicht gespielt